LEADER 01318nam a2200313 i 4500 001 000000035658 003 CaOOAMICUS 005 20230302153522.0 008 050404s1988 it u000 u ita u 013 $a4156 020 $a8876102620 040 $aSeMil$bita 100 1 $aMartini, Carlo Maria,$c.$0(OLS)http://semarc/name/89159 245 10$aCoenae tuae :$bitinerario sacerdotale /$cCarlo Maria Martini. 260 $aMilano :$bĀncora,$ccopyr. 1988. 300 $a221 p. ;$c19 cm. 490 0 $aCollana di testi spirituali ;$v2 500 $aContiene : [2] Appendici. 650 4$aVescovi milanesi - Predicazione.$0(OLS)http://semarc/subject/2608 650 4$aSacerdozio - Spiritualitā.$0(OLS)http://semarc/subject/2395 650 4$aVescovi - Scritti e discorsi.$0(OLS)http://semarc/subject/1442 830 0$aCollana di testi spirituali ;$v2.$0(OLS)http://semarc/title/442986 850 $aSeMil 852 $aSeMil$W1$xVenegono$y1$m3G II 206$j1813$B1813$CSeMilBibl$Z2$F1813 $81 961 $aOmaggio: Donazione 996 $6020$a8876102620$9(OLS)http://semarc/number/3957 996 $6245$aCoenae tuae :$bitinerario sacerdotale$9(OLS)http://semarc/title/48974 996 $6260$aMilano :$bĀncora$9(OLS)http://semarc/publisher/29763 LEADER 01148nam a2200229 4500 001 000000345083 003 CaOOAMICUS 005 20260115075025.0 008 210326s192u it 000 u ita r 040 $aSeMil$bita 100 1 $aRiva, Giuseppe,$d<1877-1929>.$0(OLS)http://semarc/name/90994 245 10$aManuale di Filotea /$cdel sacerdote milanese Giuseppe Riva, penitenziere nella metropolitana di Milano. 250 $aNuovissima edizione riveduta, col nuovo catechismo ed altre aggiunte 264 1$aComo :$bE. Gaffuri libreria vescovile,$c[192-?] 300 $a1048 p., 1 carta di tav. :$britr. ;$c15 cm 650 4$aCristianesimo - Libri di preghiere e devozione italiani.$0(OLS)http://semarc/subject/1222 850 $aSeMil 852 $aSeMil$W1$xVenegono$y1$m3K I 396$j225556$B236153$CSeMilBibl$Z2$F236153 $81 961 $aMartinelli Anita. -- Con dedica autografa del sacerdote Angelo Rossetti ad Anita Martinelli (5 gennaio 1929) 996 $6245$aManuale di Filotea$9(OLS)http://semarc/title/63029 996 $6264$aComo :$bE. Gaffuri libreria vescovile$9(OLS)http://semarc/publisher/59648